[Event "Petrolina Cordioli Memorial op"]
[Site "Petrolina"]
[Date "2007.10.18"]
[Round "1"]
[White "Nonato Veras da Silva, Raimundo"]
[Black "Da Silva, Janaina Ailma Perei"]
[Result "1-0"]
[WhiteElo "1922"]
[BlackElo "1800"]
[PlyCount "35"]
[EventDate "2007.10.09"]
[EventType "swiss"]
[EventRounds "7"]
[EventCountry "BRA"]
[SourceTitle "EXT 2022"]
[Source "ChessBase"]
[SourceDate "2021.10.06"]
[SourceVersion "1"]
[SourceVersionDate "2021.10.06"]
[SourceQuality "1"]

1. d4 Nf6 2. c4 d6 3. Nc3 e5 4. d5 b6 5. Bg5 Bb7 6. Nf3 Be7 7. Qc2 Na6 8. a3 Qd7 9. e3 0-0-0 10. Be2 h6 11. Bh4 g5 12. Bg3 Rde8 13. Bd3 c6 14. Bf5 Nc5 15. Bxd7+ Nfxd7 16. b4 Na6 17. dxc6 Bxc6 18. Nd5 1-0